01526nab a22002657a 4500999001500000003000400015005001700019008004100036040000700077100003500084245008900119260007300208300001500281500007200296505048400368505008900852650003500941650003200976650001701008650001901025650002101044650004301065773013901108942001301247 c5682d5682OSt20251226233657.0190603e xxum|||| |||| 00| 0 spa d cPJ 93858aMüller, Enrique Carlos10aFunción preventiva. Nuevas tecnologías y medicina actual /cEnrique C. Müller. cCiudad Autónoma de Buenos Aires :aThomson Reuters La Ley, b2025. ap. 137-147 aCita: TR LALEY AR/DOC/1774/2025 Publicado en: RCCyC 2025 (agosto). aSumario: I. La función preventiva. Noción.— II. El deber de prevención. El daño justificado e injustificado.— III. La acción preventiva.— IV. Cuestiones procesales.— V. El desarrollo científico contemporáneo. Regularidades y tendencias al servicio de la medicina moderna.— VI. La medicina de este siglo.— VII. Cuál es el impacto de la tecnología en este campo.— VIII. La singularidad de la IA.— IX. La importancia de la prevención del daño.  t¿Te interesa el texto completo? Solicitalo al correo: koha@justierradelfuego.gov.ar 091497aCODIGO CIVIL Y COMERCIAL 091467aRESPONSABILIDAD CIVIL 093331aDAÑO 093993aMEDICINA 094094aBIOÉTICA 095444aDEBER DE PREVENCIÓN DEL DAÑO0 0271393170dCiudad Autónoma de Buenos Aires : Thomson Reuters La Ley, 2015-tRevista Código Civil y Comercial. Nº 4 - Agosto 2025 2udccANA